Huellas de Derrida (Record no. 21070)

MARC details
000 -LEADER
campo de control de longitud fija 00764nmc a2200277 a 4500
003 - IDENTIFICADOR DE NÚMERO DE CONTROL
campo de control AR-BaBNM
005 - FECHA Y HORA DE LA ÚLTIMA TRANSACCIÓN
campo de control 20251128211758.0
008 - DATOS DE LONGITUD FIJA--INFORMACIÓN GENERAL
campo de control de longitud fija 106020s2005 ||||||||||||||000 | spa||
020 ## - NÚMERO INTERNACIONAL ESTÁNDAR DEL LIBRO
Número Internacional Estándar del Libro 987-21954-2-0
040 ## - FUENTE DE CATALOGACIÓN
Centro/agencia transcriptor AR-BaBNM
245 10 - MENCIÓN DEL TÍTULO
Título Huellas de Derrida
Resto del título ensayos pedagógicos no solicitados
250 ## - MENCION DE EDICION
Mención de edición 1ª ed.
260 ## - PUBLICACIÓN, DISTRIBUCIÓN, ETC.
Lugar de publicación, distribución, etc. Buenos Aires
Nombre del editor, distribuidor, etc. Del estante editorial
Fecha de publicación, distribución, etc. 2005
300 0# - DESCRIPCIÓN FÍSICA
Extensión 149 p.
490 #0 - MENCIÓN DE SERIE
Mención de serie Improntas
600 14 - PUNTO DE ACCESO ADICIONAL DE MATERIA--NOMBRE DE PERSONA
Nombre de persona Derrida, Jacques
650 #4 - PUNTO DE ACCESO ADICIONAL DE MATERIA--TÉRMINO DE MATERIA
Término de materia o nombre geográfico como elemento de entrada FILOSOFIA DE LA EDUCACION
650 #4 - PUNTO DE ACCESO ADICIONAL DE MATERIA--TÉRMINO DE MATERIA
Término de materia o nombre geográfico como elemento de entrada PEDAGOGIA
653 #0 - TÉRMINO DE INDIZACIÓN--NO CONTROLADO
Término no controlado RELACION PEDAGOGICA
653 #0 - TÉRMINO DE INDIZACIÓN--NO CONTROLADO
Término no controlado SUJETO EDUCATIVO
653 #0 - TÉRMINO DE INDIZACIÓN--NO CONTROLADO
Término no controlado INSTITUCIONES EDUCATIVAS
700 1# - ENTRADA AGREGADA--NOMBRE PERSONAL
Nombre de persona Skliar, Carlos
Término indicativo de función/relación compilador
700 1# - ENTRADA AGREGADA--NOMBRE PERSONAL
Nombre de persona Frigerio, Graciela
Término indicativo de función/relación compilador
942 ## - ELEMENTOS DE ENTRADA SECUNDARIOS (KOHA)
Tipo de ítem Koha Libros
998 ## - INFORMACIÓN DE CONTROL LOCAL (RLIN)
Iniciales del catalogador, CIN (RLIN) me-solo cat
Holdings
Estatus retirado Estado de pérdida Fuente de la clasificación o esquema de estantería Estado de daño No para préstamo Biblioteca de origen Biblioteca actual Fecha de adquisición Fuente de adquisición Total de préstamos Signatura topográfica completa Código de barras Visto por última vez Precio de reemplazo Tipo de ítem Koha
    Clasificación Decimal Dewey     Liberty Liberty 28/11/2025 C-BP-007   37.01 SKL 141924 28/11/2025 28/11/2025 Libros
    Clasificación Decimal Dewey     Liberty Liberty 28/11/2025 C-BP-007   37.01 SKL 141936 28/11/2025 28/11/2025 Libros